| 000 | 01045nam2a22002411 4500 | ||
|---|---|---|---|
| 001 | v19\rc\1927331 | ||
| 005 | 20251118180714.0 | ||
| 035 | _a(NLR Aleph) 005012889 | ||
| 090 |
_a6506788 _c6506788 |
||
| 100 | _a20080404d1912 u y0rusy50 ca | ||
| 101 | 0 | _arus | |
| 102 | _aRU | ||
| 105 | _ay z ||||| | ||
| 200 | 1 |
_aТемы литературные _e353 темы основных и 119 запасных |
|
| 215 | _a[4], 256 с. | ||
| 461 | 0 |
_1001v19\rc\1927329 _12001#$aПланы ученических сочинений$eЧ. 1-2$fАлександр Мирлес$vЧ. 2 _1700#1$aМирлес$bА. А.$f1879-$3RU\NLR\AUTH\770127636$gАлександр Акимович _96506769 _aМирлес, А. А. (1879-) _cКиев _d1912 _fАлександр Мирлес _nИ.И. Самоненко _oЧ. 1-2 _p2 т. _tПланы ученических сочинений _vЧ. 2 |
|
| 801 | 0 |
_aRU _bNLR _gpsbo |
|
| 801 | 0 |
_aRU _bRuMoRGB _2psbo |
|
| 801 | 1 |
_aRU _bProSoft-M _2rusmarc |
|
| 852 |
_aNLR _jDesideratum |
||
| 899 | _aБАН | ||
| 942 | _cBOOK | ||
| 980 | _aNB | ||